| 000 | 00687cam a22002293a 4500 | ||
|---|---|---|---|
| 001 | 1558 | ||
| 003 | PGUSA | ||
| 005 | 20140828083003.0 | ||
| 008 | 981201s1998||||xxu|||||s|||||000 | eng d | ||
| 040 |
_aPGUSA _beng |
||
| 042 | _adc | ||
| 050 | 4 | _aBL | |
| 100 | 1 |
_aSinclair, Upton, _d1878-1968 |
|
| 245 | 1 | 4 |
_aThe Profits of Religion : _bAn Essay in Economic Interpretation _h[electronic resource] / _cUpton Sinclair |
| 260 |
_bProject Gutenberg, _c1998 |
||
| 506 | _aPublic domain in the USA. | ||
| 516 | _aElectronic text | ||
| 653 | _aChristianity -- Controversial literature | ||
| 830 | 0 |
_aProject Gutenberg _v1558 |
|
| 856 | 4 | 0 | _uhttp://www.gutenberg.org/ebooks/1558 |
| 942 | _cEB | ||
| 999 |
_c230906 _d230906 |
||